The suicidal coproration : How big business fails America

Saved in:
Bibliographic Details
Main Author: Weaver, Paul H.
Format: Book
Language:Undetermined
Published: New York Simon and Schuster 1988
Subjects:
Tags: Add Tag
No Tags, Be the first to tag this record!
Institutions: Trung tâm Học liệu Trường Đại học Cần Thơ
LEADER 00549nam a2200205Ia 4500
001 CTU_79073
008 210402s9999 xx 000 0 und d
082 |a 333.740973 
082 |b W363 
100 |a Weaver, Paul H. 
245 4 |a The suicidal coproration : 
245 0 |b How big business fails America 
245 0 |c Paul H. Weaver 
260 |a New York 
260 |b Simon and Schuster 
260 |c 1988 
650 |a Corporations 
650 |x History 
650 |z United States 
980 |a Trung tâm Học liệu Trường Đại học Cần Thơ